| 000 | 00535nam a22001577a 4500 | ||
|---|---|---|---|
| 003 | NUST | ||
| 038 | _aNusrat Nadeem | ||
| 082 | _a200 | ||
| 100 |
_aRabeea Sohail, _9133606 |
||
| 245 |
_aDesign and Development of an Intelligent Chat-Doctor System using Large Language Models (LLMs)/ _cSohail, Rabeea |
||
| 264 |
_aIslamabad: _bSEECS NUST. _c2025. |
||
| 650 |
_aMS-Electrical Engineering _923567 |
||
| 700 |
_aSupervisor: Dr. Sohail Iqbal _996779 |
||
| 856 | _u http://10.250.8.41:8080/xmlui/handle/123456789/57471 | ||
| 942 |
_2ddc _cSC |
||
| 999 |
_c616560 _d616560 |
||